01353nam a2200337 a 4500001001200000003000800012006001900020007001500039008004100054010001700095020002500112020002200137020002700159040002100186035002100207050002400228082001700252100001700269245011100286260004900397300002300446504005600469533015200525600004600677600005400723650004900777655002900826710001700855856012600872999001700998ebr10740737CaPaEBRm o u cr cn|||||||||101026s2010 enka sb 000 0deng d z 2010290623 z9780718892241 (pbk.) z0718892240 (pbk.) z9780718842109 (e-book) aCaPaEBRcCaPaEBR a(OCoLC)85560731314aPR5631b.A65 2010eb04a820.80082221 aAplin, John.14aThe inheritance of geniush[electronic resource] :ba Thackeray family biography, 1798-1875 /cJohn Aplin. aCambridge, U.K. :bLutterworth Press,c2010. axv, 306 p. :bill. aIncludes bibliographical references (p. [304]-306). aElectronic reproduction.bPalo Alto, Calif. :cebrary,d2013.nAvailable via World Wide Web.nAccess may be limited to ebrary affiliated libraries.10aThackeray, William Makepeace,d1811-1863.10aThackeray, William Makepeace,d1811-1863xFamily. 0aNovelists, Englishy19th centuryvBiography. 7aElectronic books.2local2 aebrary, Inc.40uhttp://site.ebrary.com/lib/rucke/Doc?id=10740737zAn electronic book accessible through the World Wide Web; click to view c35325d35325